00729nji a22001937a 450000500170000000600190001700700150003600800410005102800220009203500130011404000130012710000190014024500840015926000300024330000950027350000170036850501130038565000370049820100908105732.0a|||||r|||||00| 0 sd ammalaaahaa100830t xxu||||| |||| 00| 0 eng d aDB.4761bColumbia aGR-01368 aSEDcSED aRichard, Cliff aThe young ones /cby A.B.P.C. Films; sung by Cliff Richardh[sound recording] : aDum Dum, India bColumbia a1 sound disc [Gramophone Recording]:banalog, 33 1/3 rpm c9.5 in. (MP)fGramophone Record aBrief Record aSide-1 (The young ones) (Cliff Richard and The shadows) Side-2 (We say yeah) (Cliff Richard and The shadows) aClassical musiczIndiaxExcerpts